000 00561nam a2200193Ia 4500
003 IN-BaIIA
008 211028s9999 xx 000 0 eng d
040 _cIIA Library
080 _a524.3
_bGAM
100 _aGamow, George
_91452
245 2 _aA star called the sun
_cGeorge Gamow
260 _aNew York
_bBantam Pathfinder Editions
_c1964
300 _avi, 180p.
500 _aDonated by Mrs. Bappu
650 _aAstronomy and astrophysics thesaurus
650 _aStars
650 _aSun
_91200
942 _cBK
999 _c7450
_d7450